000 00895nam a2200205Ia 4500
003 Ost
005 20260507075642.0
008 260507s9999||||xx |||||||||||||| ||und||
040 _cfsecg
041 _aara
082 _a338.7
100 _aعتمان، سعيد عبد العزيز
_eمؤلف
245 0 _aدراسة جدوى المشروعات بين النظرية والتطبيق /
_c سعيد عبد العزيز عتمان
260 _aالإسكندرية:
_bالدار الجامعية,
_c2002
300 _a554 صفحة؛
_bإيضاحات ؛
_c24 سم
520 _aالإطار العام لدراسة جدوى المشروعات، دراسة الجدوى التفصيلية للمشروعات، دراسة الجدوى المالية، دراسة الجدوى القومية
653 _aالجدوى الإقتصادية
653 _aالمشاريع
942 _cكتاب
999 _c45424
_d45424